| 000 | 00694nam a2200229Ia 4500 | ||
|---|---|---|---|
| 003 | OSt | ||
| 005 | 20250915115129.0 | ||
| 008 | 220923b |||||||| |||| 00| 0 eng d | ||
| 037 | _cReference | ||
| 040 |
_aRTL _cRTL _beng |
||
| 041 |
_2eng _aeng |
||
| 084 |
_aRxM74 J7.3/SC _qRTL |
||
| 100 |
_aCassirer, Ernst _915402 |
||
| 245 | 0 | _aThe Philosophy of symbolic forms | |
| 260 |
_aNew Haven _bYale university press _c1957 |
||
| 300 |
_axvii, 501 p. _bIncludes bibliographical reference and index |
||
| 490 | _vVol.3 | ||
| 650 |
_aSymbolism _9821398 |
||
| 650 |
_aPhilosophy general _9821399 |
||
| 942 |
_hRxM74 J7.3/SC _cREF _2CC _n0 |
||
| 999 |
_c617887 _d617887 |
||